LEADER 01606nam 22004333 450 001 9911028754503321 005 20260219214234.0 010 $a3-032-03370-5 035 $a(MiAaPQ)EBC32320702 035 $a(Au-PeEL)EBL32320702 035 $a(CKB)41018814400041 035 $a(OCoLC)1542816380 035 $a(EXLCZ)9941018814400041 100 $a20250930d2025 uy 0 101 0 $aeng 135 $aurcnu|||||||| 181 $ctxt$2rdacontent 182 $cc$2rdamedia 183 $acr$2rdacarrier 200 00$a(Macro)molecular crowding $elife of the pottage /$feditor, Vladimir N. Uversky 210 1$aCham :$cSpringer,$d2025. 210 4$dİ2025. 215 $a1 online resource (792 pages) $cillustrations 225 1 $aSubcellular Biochemistry Series ;$vv.109 311 08$a3-032-03369-1 320 $aIncludes bibliographical references 330 $aThis book offers a general overview of an important biological phenomenon known as macromolecular crowding.This phenomenon is rooted in the fact that the living cell contains very large quantities of various biological macromolecules, such as proteins, nucleic acids, and carbohydrates, whose concentration can be as high as 400 mg/ml, and which. 410 0$aSub-cellular biochemistry ;$vv. 109 517 3 $aMacromolecular crowding 606 $aMacromolecules 615 0$aMacromolecules. 701 $aUversky$b Vladimir N$0873541 801 0$bMiAaPQ 801 1$bMiAaPQ 801 2$bMiAaPQ 906 $aBOOK 912 $a9911028754503321 996 $aMacro)Molecular Crowding$94438236 997 $aUNINA